[Event "Blitz 2018"]
[Site "Saint-Petersburg"]
[Date "2018.12.29"]
[Round "9"]
[Board "73"]
[White "Hakobyan Aram (ARM)"]
[Black "Goganov Aleksey (RUS)"]
[Result "1-0"]
[LiveChessVersion "1.4.8"]
[BlackElo "2539"]
[WhiteElo "2451"]

1. d4 {[%clk 0:03:03]} d5 {[%clk 0:03:03]} 2. c4 {[%clk 0:03:04]} c6
{[%clk 0:03:04]} 3. cxd5 {[%clk 0:03:05]} cxd5 {[%clk 0:03:05]} 4. Bg5
{[%clk 0:03:06]} Nc6 {[%clk 0:03:05]} 5. Nc3 {[%clk 0:03:07]} f6 {[%clk 0:02:49]}
6. e4 {[%clk 0:03:00]} dxe4 {[%clk 0:02:40]} 7. Be3 {[%clk 0:03:01]} e6
{[%clk 0:02:38]} 8. Nxe4 {[%clk 0:02:57]} Nge7 {[%clk 0:02:24]} 9. Bc4
{[%clk 0:02:29]} Nd5 {[%clk 0:02:21]} 10. Nf3 {[%clk 0:02:26]} Bb4+
{[%clk 0:02:21]} 11. Bd2 {[%clk 0:02:27]} Be7 {[%clk 0:02:13]} 12. O-O
{[%clk 0:02:26]} O-O {[%clk 0:02:13]} 13. Rc1 {[%clk 0:02:27]} Bd7
{[%clk 0:02:07]} 14. Re1 {[%clk 0:02:27]} Be8 {[%clk 0:02:06]} 15. Nc5
{[%clk 0:02:11]} Bxc5 {[%clk 0:02:05]} 16. dxc5 {[%clk 0:02:11]} Bf7
{[%clk 0:02:06]} 17. a3 {[%clk 0:01:59]} e5 {[%clk 0:02:02]} 18. b4
{[%clk 0:02:00]} Qd7 {[%clk 0:01:39]} 19. b5 {[%clk 0:01:55]} Nce7
{[%clk 0:01:38]} 20. Bb4 {[%clk 0:01:42]} Rfd8 {[%clk 0:01:37]} 21. Qb3
{[%clk 0:01:33]} Qe8 {[%clk 0:01:39]} 22. Rcd1 {[%clk 0:01:30]} Nxb4
{[%clk 0:01:37]} 23. axb4 {[%clk 0:01:28]} Bxc4 {[%clk 0:01:35]} 24. Qxc4+
{[%clk 0:01:28]} Qf7 {[%clk 0:01:36]} 25. Qe4 {[%clk 0:01:28]} Rd5
{[%clk 0:01:32]} 26. h3 {[%clk 0:01:11]} Rad8 {[%clk 0:01:11]} 27. Ra1
{[%clk 0:01:12]} Nc8 {[%clk 0:01:08]} 28. Qe2 {[%clk 0:01:01]} Rd3
{[%clk 0:01:03]} 29. Red1 {[%clk 0:00:58]} e4 {[%clk 0:00:49]} 30. Ne1
{[%clk 0:00:53]} Rxd1 {[%clk 0:00:41]} 31. Rxd1 {[%clk 0:00:55]} Re8
{[%clk 0:00:42]} 32. Nc2 {[%clk 0:00:54]} f5 {[%clk 0:00:43]} 33. c6
{[%clk 0:00:46]} bxc6 {[%clk 0:00:42]} 34. bxc6 {[%clk 0:00:47]} f4
{[%clk 0:00:41]} 35. Rd4 {[%clk 0:00:46]} f3 {[%clk 0:00:30]} 36. Qc4
{[%clk 0:00:42]} Qxc4 {[%clk 0:00:28]} 37. Rxc4 {[%clk 0:00:43]} Nd6
{[%clk 0:00:28]} 38. Rc5 {[%clk 0:00:38]} fxg2 {[%clk 0:00:24]} 39. Kxg2 Kf7 40.
Ne3 {[%clk 0:00:35]} Ke6 {[%clk 0:00:25]} 41. Ra5 {[%clk 0:00:34]} Rb8
{[%clk 0:00:26]} 42. Nd5 {[%clk 0:00:29]} Rc8 {[%clk 0:00:26]} 43. Nf4+
{[%clk 0:00:20]} Kf6 {[%clk 0:00:28]} 44. Nd5+ {[%clk 0:00:21]} Ke6
{[%clk 0:00:29]} 45. Nf4+ Kf6 46. b5 {[%clk 0:00:22]} Rb8 {[%clk 0:00:28]} 47.
Nd5+ {[%clk 0:00:12]} Ke6 {[%clk 0:00:30]} 48. Nc7+ {[%clk 0:00:13]} Kf6
{[%clk 0:00:29]} 49. Rxa7 {[%clk 0:00:10]} Ke5 {[%clk 0:00:13]} 50. Ra5
{[%clk 0:00:06]} Rb6 {[%clk 0:00:10]} 51. Ra6 {[%clk 0:00:05]} Rb8
{[%clk 0:00:10]} 52. b6 {[%clk 0:00:06]} Kd4 {[%clk 0:00:05]} 53. Ne6+
{[%clk 0:00:05]} Ke5 {[%clk 0:00:06]} 54. c7 {[%clk 0:00:06]} Rc8
{[%clk 0:00:08]} 55. Nd8 {[%clk 0:00:05]} Kf4 {[%clk 0:00:06]} 56. Ra4
{[%clk 0:00:04]} Ke5 {[%clk 0:00:05]} 57. Ra5+ {[%clk 0:00:05]} Kf6
{[%clk 0:00:05]} 58. Rd5 {[%clk 0:00:06]} Ke7 {[%clk 0:00:05]} 59. Rxd6
{[%clk 0:00:05]} Kxd6 {[%clk 0:00:07]} 60. b7 {[%clk 0:00:07]} Kxc7
{[%clk 0:00:07]} 61. bxc8=Q+ {[%clk 0:00:07]} Kxc8 {[%clk 0:00:08]} 62. Ne6
{[%clk 0:00:08]} g6 {[%clk 0:00:09]} 63. Ng5 {[%clk 0:00:09]} 1-0

[Event "Blitz 2018"]
[Site "Saint-Petersburg"]
[Date "2018.12.29"]
[Round "9"]
[Board "74"]
[White "Kabanov Nikolai (RUS)"]
[Black "Gabrielian Artur (RUS)"]
[Result "1-0"]
[LiveChessVersion "1.4.8"]
[BlackElo "2562"]
[WhiteElo "2311"]

1. e4 {[%clk 0:03:03]} c5 {[%clk 0:03:03]} 2. Nf3 {[%clk 0:03:03]} d6
{[%clk 0:03:04]} 3. d4 {[%clk 0:03:04]} cxd4 {[%clk 0:03:05]} 4. Qxd4
{[%clk 0:03:04]} Nc6 {[%clk 0:03:03]} 5. Bb5 {[%clk 0:03:00]} a6 {[%clk 0:03:04]}
6. Bxc6+ {[%clk 0:02:58]} bxc6 {[%clk 0:03:05]} 7. Bg5 {[%clk 0:02:31]} h6
{[%clk 0:03:04]} 8. Bh4 {[%clk 0:02:32]} e5 {[%clk 0:02:30]} 9. Qa4
{[%clk 0:01:44]} Qb6 {[%clk 0:02:26]} 10. Nbd2 {[%clk 0:01:35]} g5
{[%clk 0:02:09]} 11. Bg3 {[%clk 0:01:36]} Be6 {[%clk 0:01:49]} 12. O-O-O
{[%clk 0:01:20]} Qb5 {[%clk 0:01:39]} 13. Qa3 {[%clk 0:01:13]} Nf6
{[%clk 0:01:24]} 14. Kb1 {[%clk 0:00:58]} Be7 {[%clk 0:01:13]} 15. c4
{[%clk 0:00:50]} Bxc4 {[%clk 0:01:06]} 16. Nxc4 {[%clk 0:00:51]} Qxc4
{[%clk 0:01:07]} 17. Nd2 {[%clk 0:00:49]} Qb5 {[%clk 0:01:04]} 18. h4
{[%clk 0:00:46]} g4 {[%clk 0:01:05]} 19. h5 {[%clk 0:00:40]} Rb8 {[%clk 0:00:55]}
20. f3 {[%clk 0:00:36]} gxf3 {[%clk 0:00:55]} 21. gxf3 {[%clk 0:00:35]} Rg8
{[%clk 0:00:53]} 22. Bh4 {[%clk 0:00:32]} Rg2 {[%clk 0:00:29]} 23. Qc3
{[%clk 0:00:31]} Nd7 {[%clk 0:00:12]} 24. Nc4 {[%clk 0:00:23]} d5
{[%clk 0:00:10]} 25. Bxe7 {[%clk 0:00:17]} Kxe7 {[%clk 0:00:11]} 26. Qa3+
{[%clk 0:00:18]} Kd8 {[%clk 0:00:08]} 27. Rd2 {[%clk 0:00:17]} dxc4
{[%clk 0:00:08]} 28. Rxg2 {[%clk 0:00:18]} Kc7 {[%clk 0:00:07]} 29. Rd1
{[%clk 0:00:19]} Nc5 {[%clk 0:00:07]} 30. Rc2 {[%clk 0:00:19]} Nd3
{[%clk 0:00:08]} 31. Qe7+ {[%clk 0:00:17]} Kb6 {[%clk 0:00:09]} 32. b3
{[%clk 0:00:12]} cxb3 {[%clk 0:00:09]} 33. Rcd2 {[%clk 0:00:08]} bxa2+
{[%clk 0:00:07]} 34. Ka1 {[%clk 0:00:10]} Nc5 {[%clk 0:00:07]} 35. Rb2
{[%clk 0:00:10]} Nb3+ {[%clk 0:00:08]} 36. Kxa2 {[%clk 0:00:11]} Qa4+
{[%clk 0:00:09]} 37. Qa3 {[%clk 0:00:12]} Ka5 {[%clk 0:00:09]} 38. Rdb1
{[%clk 0:00:09]} Nc1+ {[%clk 0:00:03]} 39. Rxc1 {[%clk 0:00:09]} Rxb2+
{[%clk 0:00:04]} 40. Kxb2 {[%clk 0:00:11]} 1-0

[Event "Blitz 2018"]
[Site "Saint-Petersburg"]
[Date "2018.12.29"]
[Round "9"]
[Board "75"]
[White "Piorun Kacper (POL)"]
[Black "Eliseev Alexei (RUS)"]
[Result "1/2-1/2"]
[LiveChessVersion "1.4.8"]
[BlackElo "2486"]
[WhiteElo "2646"]

1. e4 {[%clk 0:03:02]} g6 {[%clk 0:03:03]} 2. d4 {[%clk 0:03:02]} Bg7
{[%clk 0:03:04]} 3. c4 {[%clk 0:03:01]} Nc6 {[%clk 0:03:04]} 4. Nf3
{[%clk 0:03:02]} e5 {[%clk 0:02:59]} 5. Bg5 {[%clk 0:02:53]} f6 {[%clk 0:02:58]}
6. Be3 {[%clk 0:02:54]} d6 {[%clk 0:02:58]} 7. Nc3 {[%clk 0:02:54]} Nh6
{[%clk 0:02:59]} 8. h3 {[%clk 0:02:45]} Nf7 {[%clk 0:02:56]} 9. Be2
{[%clk 0:02:40]} O-O {[%clk 0:02:55]} 10. dxe5 {[%clk 0:02:35]} dxe5
{[%clk 0:02:51]} 11. Qxd8 {[%clk 0:02:28]} Ncxd8 {[%clk 0:02:40]} 12. O-O-O
{[%clk 0:02:26]} Re8 {[%clk 0:02:30]} 13. h4 {[%clk 0:02:15]} Nh6
{[%clk 0:02:21]} 14. Nd5 {[%clk 0:02:16]} Ne6 {[%clk 0:02:20]} 15. Nxf6+
{[%clk 0:02:16]} Bxf6 {[%clk 0:02:18]} 16. Bxh6 {[%clk 0:02:16]} Nf4
{[%clk 0:02:12]} 17. Bxf4 {[%clk 0:01:57]} exf4 {[%clk 0:02:13]} 18. e5
{[%clk 0:01:58]} Bg7 {[%clk 0:02:07]} 19. c5 {[%clk 0:01:55]} Be6
{[%clk 0:02:05]} 20. b3 {[%clk 0:01:56]} Rad8 {[%clk 0:01:42]} 21. Ng5
{[%clk 0:01:43]} Bd5 {[%clk 0:01:31]} 22. Rxd5 {[%clk 0:01:21]} Rxd5
{[%clk 0:01:33]} 23. Bc4 {[%clk 0:01:23]} Rexe5 {[%clk 0:01:27]} 24. Rd1
{[%clk 0:01:19]} c6 {[%clk 0:01:28]} 25. Kc2 {[%clk 0:00:55]} Bf6
{[%clk 0:01:17]} 26. Nh3 {[%clk 0:00:43]} Rf5 {[%clk 0:01:14]} 27. Bxd5+
{[%clk 0:00:40]} cxd5 {[%clk 0:01:15]} 28. b4 {[%clk 0:00:34]} a6
{[%clk 0:01:09]} 29. a4 {[%clk 0:00:34]} Bxh4 {[%clk 0:01:10]} 30. Rd4
{[%clk 0:00:35]} Kf7 {[%clk 0:00:54]} 31. Rxf4 {[%clk 0:00:25]} Rxf4
{[%clk 0:00:55]} 32. Nxf4 {[%clk 0:00:26]} Bxf2 {[%clk 0:00:56]} 33. Kd3
{[%clk 0:00:18]} a5 {[%clk 0:00:55]} 34. bxa5 {[%clk 0:00:07]} Bxc5
{[%clk 0:00:56]} 35. Nxd5 {[%clk 0:00:08]} Ke6 {[%clk 0:00:58]} 36. Ke4
{[%clk 0:00:08]} Bd6 {[%clk 0:00:51]} 37. g4 {[%clk 0:00:05]} h5 {[%clk 0:00:48]}
38. gxh5 {[%clk 0:00:05]} gxh5 39. Nc3 Bb4 {[%clk 0:00:46]} 40. Ne2
{[%clk 0:00:04]} h4 {[%clk 0:00:42]} 41. Nf4+ {[%clk 0:00:04]} Kd6
{[%clk 0:00:43]} 42. Nd3 {[%clk 0:00:04]} Bxa5 43. Kf3 Kd5 {[%clk 0:00:42]} 44.
Kg4 {[%clk 0:00:06]} Bd8 {[%clk 0:00:43]} 45. Nf4+ {[%clk 0:00:08]} Kc4
{[%clk 0:00:43]} 46. Ne6 {[%clk 0:00:08]} Be7 {[%clk 0:00:44]} 47. Nf4
{[%clk 0:00:05]} Kb3 {[%clk 0:00:43]} 48. Nd5 {[%clk 0:00:05]} Bd8
{[%clk 0:00:45]} 49. a5 {[%clk 0:00:03]} Ka4 {[%clk 0:00:45]} 50. Nc3+
{[%clk 0:00:04]} Kxa5 51. Ne4 Kb4 {[%clk 0:00:46]} 52. Nd6 {[%clk 0:00:06]} b6
{[%clk 0:00:46]} 53. Nc8 {[%clk 0:00:07]} b5 {[%clk 0:00:47]} 54. Nd6
{[%clk 0:00:09]} Kc5 {[%clk 0:00:48]} 55. Nxb5 {[%clk 0:00:10]} Kxb5 1/2-1/2

[Event "Blitz 2018"]
[Site "Saint-Petersburg"]
[Date "2018.12.29"]
[Round "9"]
[Board "76"]
[White "Najer Evgeniy (RUS)"]
[Black "Apryshko Gleb (RUS)"]
[Result "1-0"]
[LiveChessVersion "1.4.8"]
[BlackElo "2416"]
[WhiteElo "2573"]

1. e4 {[%clk 0:03:03]} c6 {[%clk 0:03:04]} 2. d4 {[%clk 0:03:04]} d5
{[%clk 0:03:05]} 3. e5 {[%clk 0:03:06]} Na6 {[%clk 0:03:06]} 4. c3
{[%clk 0:02:57]} Nc7 {[%clk 0:03:06]} 5. Bd3 {[%clk 0:02:58]} g6 {[%clk 0:03:03]}
6. Ne2 {[%clk 0:02:58]} h5 {[%clk 0:02:59]} 7. Nd2 {[%clk 0:02:50]} Nh6
{[%clk 0:02:59]} 8. Nf3 {[%clk 0:02:40]} Bg4 {[%clk 0:02:47]} 9. Ng3
{[%clk 0:02:25]} h4 {[%clk 0:02:30]} 10. Nf1 {[%clk 0:02:23]} h3 {[%clk 0:02:31]}
11. g3 {[%clk 0:02:22]} Nf5 {[%clk 0:02:12]} 12. Be2 {[%clk 0:02:16]} Ne6
{[%clk 0:01:59]} 13. Ne3 {[%clk 0:02:00]} Nxe3 {[%clk 0:01:55]} 14. Bxe3
{[%clk 0:02:00]} Qb6 {[%clk 0:01:34]} 15. Qb3 {[%clk 0:01:55]} Bg7
{[%clk 0:01:04]} 16. Ng1 {[%clk 0:01:53]} Bf5 {[%clk 0:00:45]} 17. Nf3
{[%clk 0:01:29]} f6 {[%clk 0:00:33]} 18. exf6 {[%clk 0:01:24]} exf6
{[%clk 0:00:31]} 19. Qxb6 {[%clk 0:01:14]} axb6 {[%clk 0:00:32]} 20. Nh4
{[%clk 0:01:16]} Be4 {[%clk 0:00:15]} 21. f3 {[%clk 0:01:16]} Bc2 22. Kd2 g5
{[%clk 0:00:11]} 23. Kxc2 {[%clk 0:01:16]} gxh4 {[%clk 0:00:12]} 24. f4
{[%clk 0:01:01]} Kf7 {[%clk 0:00:08]} 25. Bg4 {[%clk 0:00:51]} Rae8
{[%clk 0:00:07]} 26. Kd3 {[%clk 0:00:33]} c5 {[%clk 0:00:08]} 27. Bxh3
{[%clk 0:00:31]} cxd4 {[%clk 0:00:03]} 28. cxd4 {[%clk 0:00:31]} Nc7
{[%clk 0:00:03]} 29. Bf5 {[%clk 0:00:29]} Re7 {[%clk 0:00:04]} 30. a4
{[%clk 0:00:24]} Na6 {[%clk 0:00:05]} 31. Bd2 {[%clk 0:00:25]} Rc7
{[%clk 0:00:04]} 32. Rac1 {[%clk 0:00:24]} Rxc1 {[%clk 0:00:04]} 33. Rxc1
{[%clk 0:00:24]} hxg3 {[%clk 0:00:05]} 34. hxg3 {[%clk 0:00:25]} Rh2
{[%clk 0:00:04]} 35. Rc8 {[%clk 0:00:20]} Rg2 {[%clk 0:00:04]} 36. g4
{[%clk 0:00:21]} Rg3+ {[%clk 0:00:04]} 37. Kc2 {[%clk 0:00:20]} Bf8
{[%clk 0:00:04]} 38. Rd8 {[%clk 0:00:13]} Bb4 {[%clk 0:00:04]} 39. Bc3
{[%clk 0:00:12]} Rg2+ {[%clk 0:00:05]} 40. Kb3 {[%clk 0:00:13]} Bxc3
{[%clk 0:00:03]} 41. bxc3 {[%clk 0:00:14]} Rf2 {[%clk 0:00:03]} 42. Rd7+
{[%clk 0:00:14]} Kf8 {[%clk 0:00:04]} 43. Rxb7 {[%clk 0:00:15]} 1-0

[Event "Blitz 2018"]
[Site "Saint-Petersburg"]
[Date "2018.12.29"]
[Round "9"]
[Board "77"]
[White "Shubin Kirill (RUS)"]
[Black "Jumabayev Rinat (KAZ)"]
[Result "0-1"]
[LiveChessVersion "1.4.8"]
[BlackElo "2554"]
[WhiteElo "2398"]

1. e4 {[%clk 0:03:03]} e5 {[%clk 0:03:01]} 2. Nf3 {[%clk 0:03:04]} Nc6
{[%clk 0:03:03]} 3. Bb5 {[%clk 0:03:05]} a6 {[%clk 0:03:04]} 4. Ba4
{[%clk 0:03:06]} Nf6 {[%clk 0:03:05]} 5. O-O {[%clk 0:03:06]} Be7
{[%clk 0:03:07]} 6. Re1 {[%clk 0:03:07]} b5 {[%clk 0:03:08]} 7. Bb3 d6 8. c3
{[%clk 0:03:08]} O-O {[%clk 0:03:10]} 9. h3 {[%clk 0:03:09]} Nb8 {[%clk 0:03:11]}
10. d4 {[%clk 0:03:07]} Nbd7 {[%clk 0:03:12]} 11. Nbd2 {[%clk 0:03:03]} Bb7
{[%clk 0:03:14]} 12. Bc2 {[%clk 0:03:00]} Re8 {[%clk 0:03:15]} 13. b3
{[%clk 0:03:01]} c6 {[%clk 0:03:01]} 14. Bb2 {[%clk 0:02:56]} Bf8
{[%clk 0:03:00]} 15. b4 {[%clk 0:02:37]} Nb6 {[%clk 0:02:49]} 16. Bb3
{[%clk 0:02:23]} Nfd7 {[%clk 0:02:32]} 17. c4 {[%clk 0:02:18]} exd4
{[%clk 0:02:31]} 18. cxb5 {[%clk 0:01:59]} axb5 {[%clk 0:02:18]} 19. Nxd4
{[%clk 0:01:59]} Ne5 {[%clk 0:02:19]} 20. Qc2 {[%clk 0:01:45]} Na4
{[%clk 0:02:13]} 21. f4 {[%clk 0:01:24]} Nxb2 {[%clk 0:02:03]} 22. fxe5
{[%clk 0:01:13]} dxe5 {[%clk 0:02:04]} 23. Nf5 {[%clk 0:01:03]} Nd3
{[%clk 0:01:56]} 24. Rf1 {[%clk 0:01:04]} Nf4 {[%clk 0:01:55]} 25. Nf3
{[%clk 0:00:49]} g6 {[%clk 0:01:53]} 26. Ng3 {[%clk 0:00:41]} Bg7
{[%clk 0:01:36]} 27. Rad1 {[%clk 0:00:42]} Qe7 {[%clk 0:01:37]} 28. Ne2
{[%clk 0:00:30]} Ne6 {[%clk 0:01:12]} 29. Bxe6 {[%clk 0:00:15]} Qxe6
{[%clk 0:00:54]} 30. Ng5 {[%clk 0:00:15]} Qxa2 {[%clk 0:00:55]} 31. Qxa2
{[%clk 0:00:10]} Rxa2 {[%clk 0:00:56]} 32. Rxf7 {[%clk 0:00:10]} Bc8
{[%clk 0:00:58]} 33. Rf2 {[%clk 0:00:06]} Bh6 {[%clk 0:00:50]} 34. h4
{[%clk 0:00:06]} Bg4 {[%clk 0:00:51]} 35. Re1 {[%clk 0:00:06]} Rf8
{[%clk 0:00:41]} 36. Rxf8+ Bxf8 {[%clk 0:00:42]} 37. Nc1 {[%clk 0:00:05]} Bxb4
{[%clk 0:00:30]} 38. Rf1 {[%clk 0:00:05]} Rd2 {[%clk 0:00:26]} 39. Nf7
{[%clk 0:00:04]} Be6 {[%clk 0:00:14]} 40. Nxe5 {[%clk 0:00:04]} Bc5+
{[%clk 0:00:11]} 41. Kh1 {[%clk 0:00:04]} Bd6 {[%clk 0:00:10]} 42. Nf3
{[%clk 0:00:04]} Rc2 {[%clk 0:00:11]} 43. Nd3 {[%clk 0:00:04]} Bc4
{[%clk 0:00:12]} 44. Rd1 {[%clk 0:00:04]} Bxd3 {[%clk 0:00:12]} 45. Rxd3
{[%clk 0:00:05]} Rc1+ {[%clk 0:00:13]} 46. Ng1 {[%clk 0:00:06]} Bc5
{[%clk 0:00:15]} 47. Rd8+ {[%clk 0:00:07]} Kg7 {[%clk 0:00:16]} 48. Rd7+ Kh6 0-1

[Event "Blitz 2018"]
[Site "Saint-Petersburg"]
[Date "2018.12.29"]
[Round "9"]
[Board "79"]
[White "Hirneise Jens (GER)"]
[Black "Tukhaev Adam (UKR)"]
[Result "0-1"]
[LiveChessVersion "1.4.8"]
[BlackElo "2529"]
[WhiteElo "2363"]

1. e4 {[%clk 0:03:03]} d6 {[%clk 0:03:03]} 2. d4 {[%clk 0:03:04]} Nf6
{[%clk 0:03:04]} 3. Nc3 {[%clk 0:03:05]} g6 {[%clk 0:03:05]} 4. Be3
{[%clk 0:03:06]} a6 {[%clk 0:03:05]} 5. f4 {[%clk 0:03:07]} b5 {[%clk 0:02:59]}
6. Bd3 {[%clk 0:03:06]} Bb7 {[%clk 0:03:00]} 7. a3 {[%clk 0:02:34]} Nbd7
{[%clk 0:03:01]} 8. Nf3 {[%clk 0:02:34]} c5 {[%clk 0:03:00]} 9. e5
{[%clk 0:01:52]} Ng4 {[%clk 0:02:43]} 10. Bg1 {[%clk 0:01:35]} cxd4
{[%clk 0:02:35]} 11. Bxd4 {[%clk 0:01:36]} dxe5 {[%clk 0:02:31]} 12. fxe5
{[%clk 0:01:31]} Bxf3 {[%clk 0:01:55]} 13. gxf3 {[%clk 0:01:23]} Ngxe5
{[%clk 0:01:54]} 14. Be4 {[%clk 0:01:21]} Bh6 {[%clk 0:01:36]} 15. Bxa8
{[%clk 0:01:05]} Qxa8 {[%clk 0:01:37]} 16. O-O {[%clk 0:01:05]} O-O
{[%clk 0:01:30]} 17. Qe2 {[%clk 0:01:04]} Nc6 {[%clk 0:01:18]} 18. Rad1
{[%clk 0:00:56]} Nxd4 {[%clk 0:01:16]} 19. Rxd4 {[%clk 0:00:57]} Qa7
{[%clk 0:01:15]} 20. Qf2 {[%clk 0:00:57]} Ne5 {[%clk 0:01:11]} 21. Rfd1
{[%clk 0:00:38]} Nc4 {[%clk 0:01:06]} 22. Rxc4 {[%clk 0:00:25]} Qxf2+
{[%clk 0:01:06]} 23. Kxf2 {[%clk 0:00:27]} bxc4 {[%clk 0:01:07]} 24. Rd7
{[%clk 0:00:26]} Rb8 {[%clk 0:00:48]} 25. Nd1 {[%clk 0:00:23]} e6
{[%clk 0:00:46]} 26. Rd6 {[%clk 0:00:20]} a5 {[%clk 0:00:46]} 27. Rc6
{[%clk 0:00:20]} Rd8 {[%clk 0:00:47]} 28. Ke1 {[%clk 0:00:12]} Rd2
{[%clk 0:00:46]} 29. Rxc4 {[%clk 0:00:12]} Rxh2 {[%clk 0:00:47]} 30. b4
{[%clk 0:00:12]} axb4 {[%clk 0:00:46]} 31. axb4 {[%clk 0:00:13]} Bd2+
{[%clk 0:00:26]} 32. Kf1 {[%clk 0:00:13]} g5 {[%clk 0:00:28]} 33. b5
{[%clk 0:00:12]} Bf4 {[%clk 0:00:29]} 34. b6 {[%clk 0:00:10]} Rd2
{[%clk 0:00:28]} 35. Ke1 {[%clk 0:00:07]} Rd6 {[%clk 0:00:26]} 36. Rb4
{[%clk 0:00:04]} Bd2+ {[%clk 0:00:27]} 0-1

[Event "Blitz 2018"]
[Site "Saint-Petersburg"]
[Date "2018.12.29"]
[Round "9"]
[Board "80"]
[White "Teterev Vitaly (BLR)"]
[Black "Vishnu Prasanna. V (IND)"]
[Result "0-1"]
[LiveChessVersion "1.4.8"]
[BlackElo "2519"]
[WhiteElo "2397"]

1. Nf3 {[%clk 0:03:03]} d5 {[%clk 0:03:02]} 2. g3 {[%clk 0:03:04]} Nf6
{[%clk 0:03:03]} 3. Bg2 {[%clk 0:03:05]} g6 {[%clk 0:03:03]} 4. O-O
{[%clk 0:03:05]} Bg7 {[%clk 0:03:04]} 5. d4 {[%clk 0:03:06]} O-O 6. c4 c6
{[%clk 0:02:56]} 7. Qb3 {[%clk 0:03:08]} dxc4 {[%clk 0:02:53]} 8. Qxc4
{[%clk 0:03:09]} Bf5 {[%clk 0:02:53]} 9. Nc3 {[%clk 0:03:04]} Nbd7
{[%clk 0:02:54]} 10. Bf4 {[%clk 0:02:49]} Ne4 {[%clk 0:02:39]} 11. Rfd1
{[%clk 0:02:05]} Nxc3 {[%clk 0:02:27]} 12. Qxc3 {[%clk 0:01:59]} Be4
{[%clk 0:02:26]} 13. Qe3 {[%clk 0:01:57]} Bd5 {[%clk 0:02:25]} 14. Bh6
{[%clk 0:01:53]} Bxh6 {[%clk 0:02:16]} 15. Qxh6 {[%clk 0:01:54]} Nf6
{[%clk 0:02:16]} 16. Qf4 {[%clk 0:01:32]} Qb6 {[%clk 0:02:17]} 17. Qd2
{[%clk 0:01:24]} Rad8 {[%clk 0:02:17]} 18. Qc3 {[%clk 0:01:19]} Ne4 19. Qc2 Nd6
{[%clk 0:02:13]} 20. Ne5 {[%clk 0:01:14]} Nf5 {[%clk 0:01:53]} 21. e3
{[%clk 0:01:07]} Bxg2 {[%clk 0:01:53]} 22. Kxg2 {[%clk 0:01:08]} Rd5
{[%clk 0:01:50]} 23. Nd3 {[%clk 0:00:58]} Rfd8 {[%clk 0:01:46]} 24. Rac1
{[%clk 0:00:50]} Ng7 {[%clk 0:01:43]} 25. Nf4 {[%clk 0:00:45]} R5d6
{[%clk 0:01:41]} 26. Re1 {[%clk 0:00:35]} h5 {[%clk 0:01:30]} 27. a3
{[%clk 0:00:31]} Ne6 {[%clk 0:01:27]} 28. Nd3 {[%clk 0:00:29]} Rd5
{[%clk 0:01:25]} 29. h4 {[%clk 0:00:29]} Qa5 {[%clk 0:01:21]} 30. Qc3
{[%clk 0:00:27]} Qb5 {[%clk 0:01:16]} 31. b3 {[%clk 0:00:20]} a5 {[%clk 0:01:02]}
32. Ne5 {[%clk 0:00:16]} c5 {[%clk 0:01:00]} 33. dxc5 {[%clk 0:00:12]} Rxc5
{[%clk 0:00:59]} 34. Nc4 {[%clk 0:00:13]} a4 {[%clk 0:00:44]} 35. bxa4
{[%clk 0:00:09]} Qc6+ {[%clk 0:00:44]} 36. Kg1 {[%clk 0:00:07]} Rc8
{[%clk 0:00:45]} 37. Qb3 {[%clk 0:00:03]} Rxc4 {[%clk 0:00:45]} 38. Rcd1
{[%clk 0:00:05]} Qf3 {[%clk 0:00:40]} 39. Rd7 {[%clk 0:00:03]} Rc1
{[%clk 0:00:37]} 40. Rdd1 {[%clk 0:00:05]} R8c2 {[%clk 0:00:28]} 0-1

[Event "Blitz 2018"]
[Site "Saint-Petersburg"]
[Date "2018.12.29"]
[Round "9"]
[Board "81"]
[White "Dubrovin Robert (EST)"]
[Black "Anisimov Pavel (RUS)"]
[Result "1/2-1/2"]
[LiveChessVersion "1.4.8"]
[BlackElo "2519"]
[WhiteElo "2176"]

1. d4 {[%clk 0:03:03]} Nf6 {[%clk 0:03:03]} 2. c4 {[%clk 0:03:05]} e6
{[%clk 0:03:04]} 3. Nf3 {[%clk 0:03:05]} b6 {[%clk 0:03:06]} 4. g3
{[%clk 0:03:06]} Ba6 5. Qa4 Bb7 {[%clk 0:03:06]} 6. Bg2 {[%clk 0:03:09]} c5
{[%clk 0:03:03]} 7. dxc5 {[%clk 0:03:10]} bxc5 {[%clk 0:03:04]} 8. O-O
{[%clk 0:03:11]} Be7 {[%clk 0:03:06]} 9. Nc3 {[%clk 0:03:13]} O-O 10. Bf4 d6
{[%clk 0:03:02]} 11. Rfd1 {[%clk 0:03:16]} Qb6 12. Rab1 Nbd7 {[%clk 0:03:03]} 13.
b4 {[%clk 0:03:02]} Rfb8 {[%clk 0:03:04]} 14. a3 a6 {[%clk 0:03:04]} 15. Qa5
{[%clk 0:02:53]} Qxa5 16. bxa5 Ne8 {[%clk 0:02:53]} 17. Rxb7 {[%clk 0:01:56]}
Rxb7 {[%clk 0:02:54]} 18. Nd2 {[%clk 0:01:57]} Rab8 {[%clk 0:02:43]} 19. Bxb7
{[%clk 0:01:58]} Rxb7 {[%clk 0:02:44]} 20. Nde4 {[%clk 0:01:56]} Rb3
{[%clk 0:01:34]} 21. Rd3 {[%clk 0:01:54]} e5 {[%clk 0:00:58]} 22. Nd5
{[%clk 0:01:33]} Rxd3 {[%clk 0:00:51]} 23. exd3 {[%clk 0:01:18]} Bd8
{[%clk 0:00:46]} 24. Bd2 {[%clk 0:01:04]} f5 {[%clk 0:00:43]} 25. Ng5
{[%clk 0:01:00]} Bxg5 {[%clk 0:00:43]} 26. Bxg5 {[%clk 0:01:02]} Kf7
{[%clk 0:00:43]} 27. Nb6 {[%clk 0:00:44]} Ke6 {[%clk 0:00:40]} 28. Bd8
{[%clk 0:00:40]} Nb8 {[%clk 0:00:35]} 29. Nd5 {[%clk 0:00:37]} Nc6
{[%clk 0:00:35]} 30. Bb6 {[%clk 0:00:38]} e4 {[%clk 0:00:27]} 31. dxe4 fxe4
{[%clk 0:00:28]} 32. Kf1 {[%clk 0:00:25]} Ne5 {[%clk 0:00:26]} 33. Ne3
{[%clk 0:00:26]} Nf6 {[%clk 0:00:25]} 34. Ke2 {[%clk 0:00:27]} Nfg4
{[%clk 0:00:21]} 35. h3 {[%clk 0:00:18]} Nxe3 {[%clk 0:00:18]} 36. Kxe3
{[%clk 0:00:19]} Nxc4+ {[%clk 0:00:19]} 37. Kxe4 {[%clk 0:00:17]} d5+
{[%clk 0:00:18]} 38. Kd3 {[%clk 0:00:17]} Kd6 {[%clk 0:00:11]} 39. f4
{[%clk 0:00:11]} Nxa3 {[%clk 0:00:11]} 40. f5 {[%clk 0:00:10]} Nc4
{[%clk 0:00:11]} 41. g4 {[%clk 0:00:10]} Ne5+ {[%clk 0:00:09]} 42. Ke3
{[%clk 0:00:10]} Nd7 {[%clk 0:00:10]} 43. g5 {[%clk 0:00:10]} Ke5
{[%clk 0:00:10]} 44. Bc7+ {[%clk 0:00:04]} Kxf5 45. h4 g6 {[%clk 0:00:10]} 46.
Kf3 {[%clk 0:00:07]} Ne5+ {[%clk 0:00:09]} 47. Ke3 {[%clk 0:00:08]} Nc6
{[%clk 0:00:09]} 48. Bb6 {[%clk 0:00:09]} c4 {[%clk 0:00:10]} 49. Bc7
{[%clk 0:00:07]} d4+ {[%clk 0:00:10]} 50. Kd2 {[%clk 0:00:08]} Ke4
{[%clk 0:00:11]} 1/2-1/2